陇海铁路所有客运车站 Lanzhou-Lianyungang Railway stations - Statistics

General Stats
  • This quiz has been taken 18 times
  • The average score is 36 of 61
Answer Stats
地市 车站 % Correct
徐州 徐州
100%
开封 开封
100%
郑州 郑州
100%
洛阳 洛阳
100%
三门峡 三门峡
100%
连云港 连云港
94%
商丘 商丘
94%
渭南 渭南
94%
西安 西安
94%
咸阳 咸阳
94%
宝鸡 宝鸡
94%
天水 天水
94%
徐州 新沂
89%
开封 兰考
89%
渭南 潼关
89%
兰州 兰州
89%
商丘 民权
83%
郑州 巩义
83%
三门峡 灵宝
83%
宿州 砀山
78%
洛阳 偃师
78%
渭南 华山
78%
西安 临潼
78%
咸阳 兴平
78%
定西 定西
78%
商丘 夏邑县
72%
洛阳 新安县
72%
咸阳 杨陵
72%
天水 甘谷
72%
连云港 东海县
67%
商丘 虞城县
67%
商丘 宁陵县
67%
三门峡 义马
67%
渭南 华州
67%
咸阳 武功
67%
定西 陇西
67%
三门峡 渑池
61%
三门峡 三门峡西
61%
宝鸡 蔡家坡
56%
渭南 孟塬
50%
咸阳 咸阳西
50%
宝鸡 虢镇
50%
天水 武山
50%
宿州 黄口
33%
宝鸡 眉县东
33%
宝鸡 绛帐
28%
宝鸡 福临堡
22%
天水 元龙
17%
天水 渭南镇
17%
天水 洛门
17%
天水 鸳鸯镇
17%
兰州 夏官营
17%
天水 南河川
11%
天水 三阳川
6%
天水 新阳镇
6%
天水 磐安镇
6%
天水 贺家店
6%
定西 通安驿
0%
定西 李家坪
0%
兰州 甘草店
0%
兰州 许家台
0%
No matching quizzes found
Score Distribution
Percent of People with Each Score
Percentile by Number Answered
Your Score History
You have not taken this quiz